[Event "FRA-chT Top 12"]
[Site "Brest"]
[Date "2019.05.24"]
[Round "7.1"]
[White "Velten, Paul"]
[Black "Solodovnichenko, Yuri"]
[Result "0-1"]
[WhiteElo "2507"]
[BlackElo "2572"]
[Annotator "Mueller,Karsten"]
[PlyCount "154"]
[EventDate "2019.05.18"]
[EventType "team-tourn"]
[EventRounds "11"]
[EventCountry "FRA"]
[SourceTitle "CBM 191"]
[Source "ChessBase"]
[SourceDate "2019.08.31"]
[SourceVersion "1"]
[SourceVersionDate "2019.08.31"]
[SourceQuality "1"]
[WhiteTeam "Tours Hauts-de-France St Quentin"]
[BlackTeam "Vandoeuvre echecs"]
[WhiteTeamCountry "FRA"]
[BlackTeamCountry "FRA"]
[TimeControl "40/5400+30:1800+30"]

1. d4 {[%emt 0:00:00]} d5 {[%emt 0:00:00]} 2. c4 {[%emt 0:00:12]} c6 {[%emt 0:
00:30]} 3. e3 {[%emt 0:07:11]} Bf5 {[%emt 0:00:47]} 4. Nc3 {[%emt 0:03:19]} e6
{[%emt 0:00:31]} 5. Nf3 {[%emt 0:00:37]} Nd7 {[%emt 0:00:12]} 6. Bd3 {[%emt 0:
01:52]} Bxd3 {[%emt 0:01:18]} 7. Qxd3 {[%emt 0:00:16]} Ngf6 {[%emt 0:00:13]} 8.
O-O {[%emt 0:00:18]} Be7 {[%emt 0:01:13]} 9. Rd1 {[%emt 0:02:45]} O-O {[%emt 0:
01:58]} 10. e4 {[%emt 0:06:51]} dxe4 {[%emt 0:00:31]} 11. Nxe4 {[%emt 0:00:13]}
Nxe4 {[%emt 0:00:44]} 12. Qxe4 {[%emt 0:00:11]} Re8 {[%emt 0:02:16]} 13. Be3 {
[%emt 0:00:43]} Qa5 {[%emt 0:01:50]} 14. Bd2 $146 {[%emt 0:10:03]} (14. a3 Qa4
15. Rac1 Rad8 16. h3 Nb6 17. Qb1 h6 18. Qa2 Bf6 19. b3 Qa5 20. a4 Rd7 21. Rd2
Red8 22. Rcd1 Qf5 23. Qb1 Qxb1 24. Rxb1 g5 25. Rbd1 Kg7 26. Kf1 Kg6 27. g4 Bg7
28. a5 Nc8 29. Ne5+ Bxe5 30. dxe5 Rxd2 31. Rxd2 Rxd2 32. Bxd2 h5 33. Be3 hxg4
34. hxg4 a6 35. Ke2 f5 36. exf6 Kxf6 37. Kd3 e5 38. Kc3 Nd6 39. f3 Nf7 40. Kb4
Ke6 41. Kc5 Kd7 42. Kb6 Kc8 43. Bc5 Kb8 {Byrne,R (2530)-Sigurjonsson,G (2475)
Reykjavik 1980 1/2-1/2}) 14... Qa6 {[%emt 0:03:38]} 15. Qc2 {[%emt 0:00:41]}
Bf6 {[%emt 0:04:18]} 16. Bg5 {[%emt 0:07:44]} Rad8 {[%emt 0:02:26]} 17. Bxf6 {
[%emt 0:01:46]} Nxf6 {[%emt 0:00:07]} 18. b3 {[%emt 0:00:24]} Qa5 {[%emt 0:02:
46]} 19. Rd2 {[%emt 0:00:32]} Qf5 {[%emt 0:03:36]} 20. Re1 {[%emt 0:02:10]} Qf4
{[%emt 0:01:49]} 21. Re3 {[%emt 0:01:38]} Re7 {[%emt 0:03:44]} 22. g3 {[%emt 0:
03:42]} Qc7 {[%emt 0:00:47]} 23. Kg2 {[%emt 0:05:20]} Red7 {[%emt 0:02:30]} 24.
Red3 {[%emt 0:03:09]} Rd6 {[%emt 0:06:28]} 25. Rd1 {[%emt 0:01:14]} Qa5 {
[%emt 0:01:36]} 26. Qe2 {[%emt 0:04:19]} h6 {[%emt 0:02:28]} 27. h3 {[%emt 0:
00:19]} Qf5 {[%emt 0:00:37]} 28. Re3 {[%emt 0:04:05]} Qa5 {[%emt 0:01:05]} 29.
Red3 {[%emt 0:00:15]} a6 {[%emt 0:01:49]} 30. Qe1 {[%emt 0:15:00]} Qxe1 {
[%emt 0:10:03]} 31. Nxe1 {[%emt 0:00:21]} g5 {[%emt 0:00:49]} 32. Kf3 {[%emt 0:
01:59]} R6d7 {[%emt 0:06:52]} 33. Ke3 {[%emt 0:01:32]} Ne8 {[%emt 0:00:32]} 34.
Nc2 {[%emt 0:00:55]} Nd6 {[%emt 0:00:44]} 35. c5 {[%emt 0:04:56]} Nb5 {[%emt 0:
01:59]} 36. a4 {[%emt 0:01:33]} Nc7 {[%emt 0:00:07]} 37. Ke2 {[%emt 0:04:43]}
Nd5 {[%emt 0:03:43]} 38. Ne3 {[%emt 0:00:24]} f6 {[%emt 0:00:41]} 39. Kf3 {
[%emt 0:03:55]} e5 $1 {[%emt 0:06:08][%cal Gd7d3]} 40. Nf5 {[%emt 0:00:54]} Nb4
$1 {[%emt 0:01:51]} 41. R3d2 {[%emt 0:03:19]} exd4 {[%emt 0:00:41]} (41... Kf8)
(41... h5) 42. Rxd4 {[%emt 0:03:55]} Rxd4 {[%emt 0:02:41]} 43. Rxd4 {[%emt 0:
00:08]} Rxd4 {[%emt 0:00:36]} 44. Nxd4 {[%emt 0:00:04]} Nd3 {[%emt 0:02:20]}
45. Ne6 {[%emt 0:00:21]} Nc1 {[%emt 0:01:05]} 46. Ke3 {[%emt 0:01:29]} Nxb3 {
[%emt 0:00:52]} 47. Kd3 {[%emt 0:00:26]} Kf7 {[%emt 0:05:22]} 48. Nd8+ {
[%emt 0:00:13]} Ke7 {[%emt 0:00:15]} 49. Nxb7 {[%emt 0:00:04]} f5 {[%emt 0:00:
16]} 50. Kc3 {[%emt 0:03:14]} Nc1 {[%emt 0:00:13]} 51. Kd4 $6 {[%emt 0:07:57]}
(51. Na5 $1 {[%csl Rc1][%cal Ga5c6,Ga5b3]} Kd7 (51... Ne2+ 52. Kd3 Ng1 53. h4
gxh4 54. gxh4 h5 {[%cal Gg1f3]} 55. Ke3 Nh3 56. Nxc6+ Kd7 57. Ne5+) 52. Kd2)
51... f4 {[%emt 0:02:14]} 52. gxf4 {[%emt 0:09:15]} Ne2+ {[%emt 0:00:24]} 53.
Ke4 {[%emt 0:00:07]} Nxf4 {[%emt 0:01:46]} 54. h4 {[%emt 0:00:08]} Ne6 {
[%emt 0:06:20]} 55. hxg5 {[%emt 0:00:25]} Nxg5+ {[%emt 0:03:17]} 56. Kf5 {
[%emt 0:06:59]} Ne6 {[%emt 0:01:17]} 57. Na5 {[%emt 0:01:12]} Nxc5 {[%emt 0:02:
46]} 58. Nxc6+ {[%emt 0:00:10]} Kd6 {[%emt 0:00:08]} 59. Na5 {[%emt 0:00:09]}
Nd3 {[%emt 0:03:17]} 60. f3 {[%emt 0:00:59]} Kc5 {[%emt 0:00:07]} 61. Kg6 Ne5+
{[%emt 0:00:16]} 62. Kxh6 {[%emt 0:01:06]} Nxf3 {[%emt 0:00:05]} 63. Kg6 {
[%emt 0:00:40]} Nd2 {[%emt 0:02:36]} 64. Nb7+ {[%emt 0:00:19]} Kb4 {[%emt 0:00:
19]} 65. Kf5 {[%emt 0:00:12]} Nb3 {[%emt 0:00:06]} 66. Ke4 {[%emt 0:00:14]}
Kxa4 {[%emt 0:00:10]} 67. Kd3 {[%emt 0:00:05]} Kb4 {[%emt 0:00:14]} 68. Kc2 {
[%emt 0:00:05]} Nd4+ {[%emt 0:00:09]} 69. Kb2 {[%emt 0:00:05]} Nf5 {[%emt 0:01:
07]} 70. Ka2 {[%emt 0:00:27]} Ne7 {[%emt 0:00:50]} 71. Kb2 {[%emt 0:00:16]} Nc6
{[%emt 0:00:10]} 72. Ka2 {[%emt 0:00:27]} Ne5 {[%emt 0:00:23]} 73. Kb2 $2 {
[%emt 0:00:33]} Nf7 $1 {[%emt 0:00:06] Total domination!  The black king is at
a distance to dominate the knight, which can also be called the Karpov
distance and now the black knight is also dominating it from the east as well.
Totale Dominanz! Der schwarze König steht zum Springer in einer
Dominanzdistanz, die auch Karpovdistanz genannt werden kann und nun dominiert
der schwarze Springer ihn auch noch in östlicher Richtung.} 74. Ka2 {[%emt 0:
03:23]} Kb5 {[%emt 0:00:05]} 75. Kb3 {[%emt 0:00:08]} Kb6 {[%emt 0:00:05]} 76.
Nc5 {[%emt 0:00:11]} Kxc5 {[%emt 0:00:05]} 77. Ka4 {[%emt 0:00:02]} Kb6 {
[%emt 0:00:06]} 0-1

[Event "EU-ch 6th"]
[Site "Warsaw"]
[Date "2005.06.19"]
[Round "2"]
[White "Khismatullin, Denis Rimovich"]
[Black "Dreev, Alexey"]
[Result "0-1"]
[WhiteElo "2572"]
[BlackElo "2705"]
[Annotator "Mueller,Karsten"]
[PlyCount "104"]
[EventDate "2005.06.18"]
[EventType "swiss"]
[EventRounds "13"]
[EventCountry "POL"]
[SourceTitle "CBM 108"]
[Source "ChessBase"]
[SourceDate "2005.09.26"]
[SourceVersion "1"]
[SourceVersionDate "2005.09.26"]
[SourceQuality "1"]

1. d4 d5 2. c4 c6 3. Nf3 Nf6 4. e3 Bf5 5. Nc3 e6 6. Nh4 Bg6 7. Qb3 Qc7 8. Nxg6
hxg6 9. h3 Nbd7 10. Bd2 Nb6 11. cxd5 exd5 12. Bd3 Be7 13. O-O-O a5 14. Kb1 a4
15. Qc2 Nc4 16. Bxc4 dxc4 17. Nxa4 O-O 18. h4 Ra7 19. Nc5 Rfa8 20. a3 b6 21.
Ne4 Nxe4 22. Qxe4 Bxa3 23. Bc3 Qe7 24. Qxe7 Bxe7 25. Kc2 b5 26. d5 cxd5 27.
Rxd5 b4 28. Bd4 Ra1 29. Rxa1 Rxa1 30. h5 $2 Rf1 31. e4 gxh5 32. Rxh5 Bf6 33.
Bxf6 Rxf2+ 34. Kd1 Rxf6 35. Rc5 Rf2 36. Rxc4 b3 37. Rb4 Rxb2 38. g3 Kh7 39. Rb7
f6 40. Rb6 Kg8 41. Rb7 Kh7 42. Rb6 Rb1+ 43. Kd2 b2 $1 {Nun deckt Dreev die
Karten auf. Weiß geht an seinen Schwächen am Königsflügel zugrunde:} 44. Kc3
Kg6 45. e5 (45. Rb7 Re1 46. Rxb2 Rxe4 47. Kd2 Kh5 48. Rb7 Rg4 49. Rb3 Rg5 50.
Ke2 Kg4 51. Kf2 Kh3 $19) 45... Re1 $1 46. Rxb2 Rxe5 47. Kd3 (47. Kd2 Kh5 48.
Rb7 (48. Rb4 Rg5 49. Rh4+ Kg6 50. g4 Re5 $19) 48... Rg5 49. Rb3 Kg4 50. Ke2 Kh3
51. Kf2 Rf5+ 52. Kg1 Rc5 53. Ra3 Rc2 54. Kf1 Rg2 55. g4+ Rg3 $19) 47... Rg5 48.
Rg2 Kf5 49. Ke2 Kg4 50. Kf2 Rf5+ 51. Kg1 Rf3 52. Kh2 f5 (52... f5 53. Rg1 Rf2+
54. Kh1 Kh3 55. Ra1 Kxg3 56. Rg1+ Kh3 57. Rxg7 Rf1+ 58. Rg1 Rxg1+ 59. Kxg1 Kg3
$19) 0-1

[Event "Dortmund SuperGM 40th"]
[Site "Dortmund"]
[Date "2012.07.15"]
[Round "3"]
[White "Meier, Georg"]
[Black "Ponomariov, Ruslan"]
[Result "0-1"]
[WhiteElo "2644"]
[BlackElo "2726"]
[Annotator "Postny,E"]
[PlyCount "104"]
[EventDate "2012.07.13"]
[EventType "tourn"]
[EventRounds "9"]
[EventCountry "GER"]
[EventCategory "19"]
[SourceTitle "CBM 150"]
[Source "ChessBase"]
[SourceDate "2012.09.14"]
[SourceVersion "1"]
[SourceVersionDate "2012.09.14"]
[SourceQuality "1"]

1. Nf3 d5 2. d4 Nf6 3. c4 c6 4. e3 Bf5 5. Nc3 e6 6. Nh4 Bg6 {The most solid
continuation. The alternatives 6...Be4 and 6...Bg4 provoke some pawn advances,
but it's not clear whether it's a concession or not.} 7. Be2 Nbd7 8. O-O dxc4 {
The standard operation in the centre. Later on Black is going to push one of
the two pawns: c6-c5 or e6-e5.} (8... Bd6 9. g3 O-O 10. a3 dxc4 11. Nxg6 hxg6
12. Bxc4 c5 13. Be2 Nb6 14. Bf3 Qe7 15. Qb3 Rfd8 16. Rd1 Rac8 17. dxc5 Bxc5 18.
Bd2 Rd7 19. Be1 $14 {1-0 Meier,G (2638)-Antoniewski,R (2607)/Marrakesh 2010/
CBM 137 Extra (47)}) 9. Nxg6 {Now it's time to capture the bishop.} ({In the
event of} 9. Bxc4 {Black has an option of keeping the bishop by} Bh5 $5 {
even though after} 10. Be2 Bxe2 11. Qxe2 {White can hope for a slight edge
thanks to his superiority in space.}) 9... hxg6 {White has got the pair of
bishops, the advantage of which may become apparent in the long run. Meanwhile
Black has opened the h-file for counterplay.} 10. Bxc4 Qc7 {Threatening mate
in one. Just in case.} (10... Bd6 11. g3 Qe7 12. f4 c5 13. d5 Nb6 14. Bb5+ Kf8
15. dxe6 Qxe6 16. Be2 c4 17. Bf3 Bc5 18. Qe2 Rd8 $132 {1/2-1/2 Bacrot,E (2721)
-Ivanchuk,V (2703)/Jermuk 2009/CBM 132 (63)}) 11. h3 g5 {[%cal Gg5g4]} 12. Be2
{The safest way. Instead White had the option to go for 12.e4, which could
force Black to sacrifice a piece. The resulting variations are spectacular,
but objectively risky for White as his king will be going for a walk.} (12. e4
g4 13. e5 gxh3 $1 14. exf6 hxg2 15. Kxg2 Qh2+ 16. Kf3 O-O-O (16... Ne5+ $6 17.
dxe5 Qh5+ 18. Ke3 Qxe5+ 19. Kd2 O-O-O+ 20. Bd3 Rh3 21. Kc2 Rdxd3 22. Qxd3 Rxd3
23. Kxd3 $14) 17. Ke2 c5 18. Qc2 Nxf6 19. Nb5 (19. Be3 cxd4 20. Rh1 dxe3 21.
Rxh2 Rxh2 22. Kxe3 Bc5+ 23. Kf3 Rxf2+ 24. Qxf2 Bxf2 25. Kxf2 Rd2+ 26. Ke3 Rxb2
$15) 19... a6 20. Na7+ $1 Kb8 21. Nc6+ $1 bxc6 22. Rh1 $1 Qxh1 23. Bf4+ Bd6 24.
Rxh1 Rxh1 25. Qb3+ Kc7 26. Bxd6+ Kxd6 27. dxc5+ Ke7 28. Qb7+ Rd7 29. Qxc6 $13)
12... e5 13. Bd2 (13. d5 e4 14. dxc6 bxc6 15. Qc2 Qe5 {with ideas such Bf8-d6
and g5-g4 promises Black good counterplay.}) 13... Rd8 14. Rc1 Nb6 15. Re1 (15.
a4 a6 16. a5 Nbd5 17. Nxd5 Rxd5 18. Bc4 Rd7 {is very similar to the game. The
position is approximately equal.}) 15... Be7 16. a4 a6 {Black should not allow
the white pawn to get to a6 and ruin the structure.} 17. a5 Nbd5 18. Nxd5 Rxd5
(18... Nxd5 $6 19. dxe5 Qxe5 20. Qb3 Rd7 21. Bf3 O-O 22. Rcd1 Bd6 23. g3 $14)
19. Bc4 Rd7 20. Qb3 (20. dxe5 $2 Ne4 21. Qf3 Qxe5 $1 22. Qxf7+ Kd8 23. Bc3 Nxc3
24. bxc3 Bd6 25. Qe6 Qh2+ 26. Kf1 Rf8 27. Rcd1 Qh1+ 28. Ke2 Qxg2 $17) 20... O-O
{Black can no longer delay castling.} 21. d5 Ne4 22. Qd3 (22. Bb4 $1 c5 (22...
Bxb4 $6 23. Qxb4 c5 24. Qa3 Nd6 25. Be2 Rc8 26. Rc2 $16 {[%csl Rc5]}) 23. Bd3
Qd8 24. Bc3 (24. Bxe4 cxb4 $11) 24... Nxc3 25. Qxc3 Rxd5 26. Be4 Rd7 27. Qxe5
g6 (27... Qxa5 $4 28. Qf5 $18 {[%cal Gf5d7,Gf5h7]}) 28. Qc3 {White doesn't
have much, but still Black is the one who needs to equalise.}) 22... Nxd2 23.
Qxd2 e4 {Now Black is fine.} 24. Red1 Rfd8 25. Qe2 (25. Qd4 Qxa5 26. Qxe4 Bf6
$15) 25... c5 {The centre has become static, White's passed pawn will be
safely blocked by the bishop.} (25... Qxa5 $6 26. dxc6 Rxd1+ 27. Rxd1 bxc6 28.
Rxd8+ Qxd8 29. Qg4 $14) 26. b4 Qe5 {The position is still equal, but from a
practical point of view it's easier to handle it for the Black side, as he can
potentially create some threats against the white king.} 27. b5 Bd6 28. Qg4 $6
{The queen is not well posted here. In general White should play g2-g3 and
transfer his bishop to g2. This will secure the king's residence.} (28. g3 axb5
29. Bxb5 Re7 30. Qc2 f5 (30... Qf5 31. Bf1 $11) 31. Qc3 {After the exchange of
queens White will never get mated.}) 28... axb5 29. Bxb5 Re7 30. g3 g6 31. Kg2
$6 ({Again} 31. Bf1 $142 {[%cal Yf1g2] to make the king safe.}) 31... Kg7 32.
Rh1 $6 {Another step in the wrong direction. After this it's already difficult
for White to defend.} (32. Bf1 Rh8 33. Qe2 f5 34. Rb1 f4 35. Qb2 {is the
saving idea.}) 32... Rh8 33. Be2 (33. Rb1 f5 34. Qxg5 $2 Rh5 35. Qf4 Qf6 $19 {
[%csl Rf4]}) (33. Qe2 f5 $17 {[%cal Gf5f4]}) {[%tqu "En","Find the best move
for Black.","","","h8h5","Simply protecting the Pg5. Now Black is going to
roll the f-pawn forward to assault the white king.",5]} 33... Rh5 $1 {[%cal
Gf7f5] Simply protecting the Pg5. Now Black is going to roll the f-pawn
forward to assault the white king.} 34. Qc8 $2 {Obviously, a disastrous move
as the queen is going into a desert. On the other hand White's position is
already bad.} (34. Bc4 f5 35. Qd1 f4 36. Rc2 Qf6 $1 $40 (36... fxe3 $2 37. Qa1
{swapping the queen even at the cost of a pawn.})) 34... Rc7 35. Qa8 Rh8 36.
Qa7 {The queen has gone too far from the battlefield.} f5 37. Qb6 f4 {Black's
attack is irresistible.} 38. exf4 gxf4 39. gxf4 Qxf4 40. Qb3 Rf8 41. Qe3 {
The queen comes back to the defence, but too late.} Qf6 (41... Qh4 $1 {[%cal
Gc7f7] was more convincing.}) 42. Rc4 Bf4 43. Qxe4 Re7 44. Qd3 Bd6 {An extra
pawn doesn't help White much, the king is too vulnerable. Opposite coloured
bishops clearly favour the attacking side.} 45. f4 Rfe8 46. Bg4 Re3 47. Qc2
Bxf4 48. Rb1 Rg3+ 49. Kh1 Rxg4 $1 {The decisive strike.} 50. hxg4 Qh4+ 51. Kg1
Qxg4+ 52. Kf1 Qh3+ {A good game by Ponomariov.} (52... Qh3+ 53. Qg2 Qd3+ $19)
0-1

[Event "Sofia MTel Masters 4th"]
[Site "Sofia"]
[Date "2008.05.12"]
[Round "5"]
[White "Aronian, Levon"]
[Black "Ivanchuk, Vassily"]
[Result "0-1"]
[WhiteElo "2763"]
[BlackElo "2740"]
[Annotator "Postny,E"]
[PlyCount "88"]
[EventDate "2008.05.08"]
[EventType "tourn"]
[EventRounds "10"]
[EventCountry "BUL"]
[EventCategory "20"]
[SourceTitle "CBM 124"]
[Source "ChessBase"]
[SourceDate "2008.05.28"]
[SourceVersion "1"]
[SourceVersionDate "2008.05.28"]
[SourceQuality "1"]

1. d4 d5 2. c4 c6 3. Nf3 Nf6 4. e3 Bf5 5. Nc3 e6 6. Nh4 Bg6 7. Nxg6 hxg6 8. a3
Nbd7 9. g3 Be7 10. b3 (10. f4 {which was successfully experimented with by
Topalov in the World Championship match against Kramnik, might be a better way
to fight for an opening advantage.}) 10... e5 {White is making a lot of moves
with his pawns, delaying natural development. Therefore, this thrust in the
centre looks very logical.} (10... O-O $6 11. Bg2 b5 12. c5 a5 13. Bb2 Qc7 14.
O-O Rfe8 15. f4 Nh7 16. g4 f5 17. g5 $16 {1-0 Eljanov,P (2701)-L'Ami,E (2598)/
Germany 2007/EXT 2008 (65)}) 11. cxd5 (11. Bg2 e4 12. O-O Nb6 13. Bd2 Qd7 14.
c5 Nc8 15. f3 exf3 16. Qxf3 Bd8 17. h3 Ne7 18. g4 g5 19. Rae1 O-O 20. e4 dxe4
21. Qf2 Ned5 22. Nxe4 Nxe4 23. Rxe4 Bf6 $11 {1/2-1/2 Sasikiran,K (2700)
-Svetushkin,D (2588)/Moscow 2007/CBM 117 (61)}) 11... Nxd5 $1 12. Nxd5 $6 {
After this careless exchange I already don't see a clear way for White to
equalize. It seems that Aronian wasn't well prepared for this opening
variation.} (12. Bb2 Nxc3 (12... Qa5 $6 13. Qc2 $1 exd4 14. b4 Qd8 15. Nxd5
cxd5 16. Bxd4 $14) 13. Bxc3 exd4 14. Bxd4 Bf6 (14... Qa5+ $6 15. b4 Qd5 16.
Bxg7 Qxh1 17. Bxh8 O-O-O 18. Bd4 $14) 15. Bg2 $11 {White does not have more
than equality here.}) 12... Qa5+ $1 {A very annoying check.} 13. Nc3 (13. Bd2
$2 Qxd5 $17 {[%csl Rd4,Rh1]}) 13... Qxc3+ 14. Bd2 Qb2 15. d5 $6 $146 {Trying
to weaken some light squares in Black's camp. Actually, this idea does not
work out properly. On the other hand, Black is already better in all lines.} (
15. Bg2 exd4 16. exd4 Qxd4 17. O-O O-O $6 (17... O-O-O $15) 18. Bb4 Qxd1 19.
Rfxd1 Bxb4 20. Rxd7 Bc3 21. Rc1 Bb2 22. Rc2 Bxa3 23. Rxb7 Rab8 24. Rxa7 Rxb3
25. Bxc6 Rb1+ 26. Kg2 Rc1 27. Rxc1 Bxc1 28. Bd5 $14 {1-0 Wang Yue (2644)
-Bobras,P (2542)/Cappelle la Grande 2007/CBM 117 ext (75)}) ({White is not
able to trap the queen after} 15. Rb1 Qxa3 16. b4 exd4 17. exd4 O-O $17) (15.
Qb1 Qxb1+ 16. Rxb1 exd4 17. exd4 Nb6 $15 {[%csl Rd4,Gd5]} (17... Bxa3 $2 18. b4
{[%csl Ra3]})) 15... cxd5 16. Bb5 a6 (16... Rd8 {was possible as well.} 17. Rb1
Qxa3 18. b4 e4 19. Rb3 Qa2 20. Bc3 d4 $1 21. Bxd4 a6 $17) 17. Bxd7+ Kxd7 {
The king feels okay in the centre. White's pieces are passive and can't really
harass the black monarch.} 18. O-O e4 19. Bc3 $2 {Aronian preferred to
sacrifice a piece for some practical chances to suffering with a pawn down.
Frankly speaking, this looks more like a bluff.} (19. Bb4 Qe5 20. Bxe7 Kxe7 $17
) 19... Qxc3 20. Qxd5+ Ke8 21. Rac1 Qd3 22. Qxb7 Rd8 23. Rfd1 (23. Rc7 Bf6 24.
Rfc1 Rh5 $19) 23... Qxd1+ 24. Rxd1 Rxd1+ 25. Kg2 a5 {All Black needs now is to
coordinate his forces. This is not that trivial, since his king has lost the
right to castle.} 26. g4 {Trying to prevent the activation of the rook via h5
square.} Kf8 27. Qxe4 g5 $1 28. Qf5 {[%csl Ra5]} Bd8 29. Qc5+ Kg8 30. Qe5 g6
31. b4 axb4 32. axb4 Kh7 33. b5 Rf8 34. Qc5 Kg8 {Black managed to "castle".
The rest is pure technique.} 35. b6 {This is already a lack of concentration.
Anyway, White's position is completely lost.} Rb1 {[%csl Rb6]} 36. f4 Rb2+ 37.
Kg3 gxf4+ 38. exf4 Bxb6 39. Qc3 Rb1 40. f5 Rg1+ 41. Kh3 Re8 42. Qf6 Bf2 43.
Qg7+ {The last try.} Kxg7 44. f6+ Kf8 {Avoiding the last easy trap. White
resigned.} (44... Kxf6 $4 45. g5+ {could lead to stalemate!}) 0-1